Leading at a higher level : Blanchard an leadership and creating high performance organizations
| Main Author: | |
|---|---|
| Format: | Book |
| Published: |
New Jersey :
Pearson Prentice Hall ,
2007
|
| Subjects: |
MARC
| LEADER | 00000cam a2200000 7i4500 | ||
|---|---|---|---|
| 001 | 0000019785 | ||
| 005 | 20070719.0 | ||
| 020 | |a 0132347725 | ||
| 040 | |a INS | ||
| 090 | 0 | 0 | |a HD57.7 |b B63 2007 |
| 100 | 1 | |a Blanchard, Ken | |
| 245 | 1 | 0 | |a Leading at a higher level : |b Blanchard an leadership and creating high performance organizations |c Ken Blanchard |
| 260 | |a New Jersey : |b Pearson Prentice Hall , |c 2007 | ||
| 300 | |a xxiv, 355 p. ; |c 24 cm. | ||
| 500 | |a Includes index | ||
| 650 | 0 | 0 | |a Leadership |
| 650 | 0 | 0 | |a Organizational effectiveness |
| 999 | |a 0000018932 |b BOOK |c Open Shelf |e Default branch | ||